EL PENSAMIENTO VIVO DE SPINOZA /

Guardado en:
Detalles Bibliográficos
Autor principal: Zweig, Arnold (autor)
Formato: Libro
Colección:BIBLIOTECA DEL PENSAMIENTO VIVO
Temas:
Etiquetas: Agrega una etiqueta
Sin etiquetas, Sé el primero en etiquetar este registro!

MARC

LEADER 00000nam^a2200000^a^4500
001 000230534
005 20250521000000.0
009 20260310104441.823
035 |a 050001 
037 |a Acervo Xavier Clavigero 
082 |a 149. 7  |b ZWE 
100 |a Zweig, Arnold  |e (autor) 
245 1 3 |a EL PENSAMIENTO VIVO DE SPINOZA /  |c ARNOLD ZWEIG; TR. FRANCISCO AYALA 
264 |a Buenos Aires, Argentina :  |b Losada,  |c 1939 
300 |a 206p. 
336 |a texto  |b txt  |2 rdacontenido 
337 |a sin mediación  |b n  |2 rdamedio 
338 |a volumen  |b nc  |2 rdasoporte 
440 |a BIBLIOTECA DEL PENSAMIENTO VIVO 
649 |a XX 
650 |a Spinoza, Baruch de 
650 |a Racionalismo 
910 |a Fondo General 
920 |a Impresos - Libros 
930 |a Colección General 
905 |a 101 
901 |a 050001  |b IT1  |c ACC  |i 050001  |u 20250521 
902 |a https://opac.biblio.iteso.mx/vufind/Record/000230534